Vnútroodvetvový obchod a odvetvová koncentrácia zahraničného obchodu Slovenskej republiky v rokoch 2000-2012
Teoretické problémy spojené s výpočtom indexov vnútroodvetvového obchodu. Základné používané indikátory, ich silné a slabé stránky. Vývoj vnútroodvetvového obchodu SR v rokoch 2000-2012 a jeho porovnanie v kontexte štátov OECD. Odvetvová koncentrácia zahraničného obchodu SR a štátov OECD v období 20...
Salvato in:
| Autore principale: | |
|---|---|
| Natura: | Capitolo di libro |
| Lingua: | slovacco |
| Soggetti: | |
| Tags: |
Nessun Tag, puoi essere il primo ad aggiungerne!!
|
MARC
| LEADER | 00000nla a2200000 4500 | ||
|---|---|---|---|
| 001 | 0181042 | ||
| 005 | 20240502073111.5 | ||
| 041 | 0 | |a slo | |
| 044 | |a SK | ||
| 245 | 1 | 0 | |a Vnútroodvetvový obchod a odvetvová koncentrácia zahraničného obchodu Slovenskej republiky v rokoch 2000-2012 |c Martin Grančay |
| 520 | |a Teoretické problémy spojené s výpočtom indexov vnútroodvetvového obchodu. Základné používané indikátory, ich silné a slabé stránky. Vývoj vnútroodvetvového obchodu SR v rokoch 2000-2012 a jeho porovnanie v kontexte štátov OECD. Odvetvová koncentrácia zahraničného obchodu SR a štátov OECD v období 2000-2012. Hľadane korelácie medzi podielom vnútroodvetvového obchodu na celkovom zahraničnom obchode krajiny a stupňom jeho odvetvovej koncentrácie. | ||
| 610 | 2 | 0 | |a odvetvia činnosti ekonomickej |
| 610 | 2 | 0 | |a obchod |
| 610 | 2 | 0 | |a obchod zahraničný |
| 610 | 2 | 0 | |a ukazovatele |
| 610 | 2 | 0 | |a Slovensko |
| 610 | 2 | 0 | |a OECD |
| 100 | 1 | |a Grančay, Martin, 1984-2024 | |